000 00749cab a2200241 4500
001 E2034
008 090401t1994 xxu||||| |||| 00| 0 eng d
035 _a(Sirsi) u37134
041 _aeng
100 _aLloyd, M. G.
245 _aEnvironmental protection in Ireland
260 _c1994
350 _a0
490 _aScottish Planning and Environmental Law
_v(42) April 1994, 19(1)
520 _aExamines the nature and scope of the arrangements for agency-led environmental protection in Ireland.
650 _aENVIRONMENTAL PROTECTION AGENCIES
650 _aENVIRONMENTAL PROTECTION AGENCY ACT 1994
650 _aIRELAND
690 _aENVIRONMENTAL AND LAND CONSULTANCY
700 _aRoss, A.P.
942 _n0
948 _c04/03/1997
999 _c24023
_d24023